000 00438nam a2200145Ia 4500
008 230917s9999||||xx |||||||||||||| ||und||
040 _e196912
_aMAIN
041 _aEnglish
082 _a891.432751 BM469K
100 _aबिहारी, मृदुला
245 0 _aक्यों नहीं?
260 _aनई दिल्ली
_bकल्पना प्रकाशन
_c2011
300 _a154 पृ. p.
942 _cHN
999 _c169197
_d169197